[Event "San Francisco Stamer Memorial"]
[Site "San Francisco"]
[Date "2005.06.04"]
[Round "2"]
[White "Xu, Davis"]
[Black "Falconer, Neil E"]
[Result "1-0"]
[WhiteElo "1733"]
[BlackElo "1984"]
[PlyCount "63"]
[EventDate "2005.06.04"]
[EventType "swiss"]
[EventRounds "6"]
[EventCountry "USA"]
[SourceTitle "EXT 2007"]
[Source "ChessBase"]
[SourceDate "2006.11.23"]
[SourceVersion "1"]
[SourceVersionDate "2006.11.23"]
[SourceQuality "1"]

1. d4 Nf6 2. Nf3 b6 3. Bg5 Ne4 4. Bf4 Bb7 5. e3 e6 6. Bd3 Bb4+ 7. c3 Be7 8. Qc2 f5 9. Nbd2 Nxd2 10. Nxd2 d5 11. Nf3 0-0 12. g4 g6 13. gxf5 exf5 14. 0-0-0 c5 15. Rdg1 Qc8 16. h4 c4 17. Be2 Nc6 18. h5 Qe6 19. hxg6 hxg6 20. Rh6 Kg7 21. Rgh1 Rh8 22. Qd1 Rxh6 23. Rxh6 Rh8 24. Qh1 Rxh6 25. Qxh6+ Kf7 26. Bg5 Ke8 27. Bxe7 Nxe7 28. Ne5 Qg8 29. Bd1 Bc8 30. Ba4+ Kd8 31. Qg5 Bb7 32. Qf6 1-0

[Event "San Francisco Stamer Memorial"]
[Site "San Francisco"]
[Date "2005.06.04"]
[Round "3"]
[White "Xu, Davis"]
[Black "Shipman, Walter"]
[Result "0-1"]
[WhiteElo "1733"]
[BlackElo "2204"]
[PlyCount "91"]
[EventDate "2005.06.04"]
[EventType "swiss"]
[EventRounds "6"]
[EventCountry "USA"]
[SourceTitle "EXT 2007"]
[Source "ChessBase"]
[SourceDate "2006.11.23"]
[SourceVersion "1"]
[SourceVersionDate "2006.11.23"]
[SourceQuality "1"]

1. d4 d5 2. Nf3 Nf6 3. Bg5 Nbd7 4. e3 g6 5. Bd3 Bg7 6. Nbd2 0-0 7. c3 Re8 8. 0-0 e5 9. dxe5 Nxe5 10. Nxe5 Rxe5 11. Nf3 Re8 12. Qc2 c6 13. Rad1 Bg4 14. Be2 Qc7 15. Bxf6 Bxf6 16. h3 Bxf3 17. Bxf3 Re7 18. Rd2 Rae8 19. Rfd1 b5 20. b3 Rb8 21. c4 bxc4 22. bxc4 Rb2 23. Qd3 Rxd2 24. Rxd2 d4 25. Re2 c5 26. Bd5 Kg7 27. exd4 Rxe2 28. Qxe2 Bxd4 29. Qc2 Qf4 30. g3 Qxg3+ 31. Bg2 Qf4 32. Kf1 h5 33. Bd5 g5 34. Qe2 g4 35. hxg4 hxg4 36. Kg2 Be5 37. Qe4 Qh2+ 38. Kf1 Qh3+ 39. Ke2 Qh5 40. Kf1 Bd4 41. Qg2 Qf5 42. Qg3 Be5 43. Qb3 Bd4 44. Qg3 Qg5 45. Bg2 Be5 46. Qd3 0-1